[Event "AUTO-MASTER-2839"]
[Site "http://www.queenalice.com/game.php?id=1578520"]
[Date "2019.7.25"]
[Round "2"]
[White "jezmantis"]
[Black "Alexandrovinsk"]
[Result "0-1"]
[WhiteElo "2165"]
[BlackElo "1887"]

1. d4 f5 2. e3 Nf6 3. Bd3 e6 4. Nd2 b6 5. Qe2 Bb7 6. f3 Be7 7. Nh3 O-O 8. O-O d5
9. c3 h6 10. Nf4 Qd7 11. Ng6 Re8 12. e4 fxe4 13. fxe4 dxe4 14. Nxe4 Nxe4 15.
Bxe4 Bxe4 16. Qxe4 Nc6 17. Bf4 Bf6 18. Bxh6 Bxd4+ 19. Be3 Bxe3+ 20. Qxe3 Ne7 21.
Rad1 Qc6 22. Ne5 Nf5 23. Rxf5 exf5 24. Qd4 Qe4 25. Nf3 Rad8 26. Qxd8 Qe3+ 27.
Kf1 Qe2+ 28. Kg1 Rxd8 29. Rxd8+ Kh7 30. Rd2 Qe3+ 31. Kf1 Kh6 32. Re2 Qc1+ 33.
Kf2 Qd1 34. Nd4 g6 35. h4 c5 36. Nf3 Qd5 37. a3 b5 38. Ng5 Kg7 39. Re7+ Kf8 40.
Re2 a5 41. Nh7+ Kf7 42. Ng5+ Kf6 43. Nf3 b4 44. axb4 cxb4 45. Nd4 bxc3 46. bxc3
a4 47. Nc2 a3 48. Ne3 Qb3 49. Rd2 a2 50. Rd6+ Ke7 51. Ra6 a1=Q 52. Rxa1 Qb2+ 53.
Kf3 Qxa1 54. Kf4 Qc1 55. c4 Kd6 56. g3 Kc5 57. Kf3 Kd4 58. Nd5 Qxc4 59. Nf4 Qc6+
0-1

[Event "AUTO-MASTER-2839"]
[Site "http://www.queenalice.com/game.php?id=1578521"]
[Date "2019.7.25"]
[Round "2"]
[White "Alexandrovinsk"]
[Black "jezmantis"]
[Result "1-0"]
[WhiteElo "2131"]
[BlackElo "2183"]

1. d4 f5 2. Nf3 d6 3. c4 c6 4. Nc3 Nf6 5. e3 g6 6. Bd3 Bg7 7. O-O O-O 8. Qb3 Qe8
9. c5+ d5 10. Ne5 Kh8 11. f3 Na6 12. Bxa6 bxa6 13. Bd2 Be6 14. Qa4 Bd7 15. Qxa6
Ng8 16. f4 Bxe5 17. fxe5 g5 18. e4 dxe4 19. Bxg5 Qg6 20. Bf4 Be8 21. Rae1 Bf7
22. Re3 Qe6 23. Qe2 Qd7 24. Rd1 Qe8 25. Rh3 Bg6 26. Qf2 Qf7 27. Qg3 Rad8 28. Ne2
Rb8 29. e6 Qe8 30. Bxb8 Qxb8 31. Qxg6 Nf6 32. Qxf5 Qxb2 33. Nf4 Rg8 34. Ng6+ Kg7
35. Nxe7 Rd8 36. Rg3+ 1-0

[Event "AUTO-MASTER-2839"]
[Site "http://www.queenalice.com/game.php?id=1578522"]
[Date "2019.7.25"]
[Round "2"]
[White "jezmantis"]
[Black "LuisGabriel_HD"]
[Result "1-0"]
[WhiteElo "2129"]
[BlackElo "2016"]

1. d4 d5 2. e3 Nf6 3. Bd3 Nc6 4. f4 Bg4 5. Nf3 e6 6. Nbd2 Bb4 7. c3 Ba5 8. b4
Bb6 9. Qc2 Bxf3 10. Nxf3 Qd6 11. a4 a6 12. O-O Ne4 13. Ba3 Qd7 14. c4 dxc4 15.
Bxe4 O-O-O 16. Qxc4 f5 17. Bxc6 Qxc6 18. Qb3 h5 19. Rac1 Qe4 20. a5 Ba7 21. Ng5
Qd5 22. Rc4 b5 23. Rc3 Qxb3 24. Rxb3 Rd7 25. Nxe6 g6 26. Bb2 Re8 27. Nc5 Bxc5
28. dxc5 Rd2 29. Be5 Red8 30. Bd4 c6 31. h4 Kd7 32. Rf3 Ke6 33. Rg3 Kf7 34. Kh2
Re8 35. Be5 Red8 36. Bd4 Re8 37. Rf3 Re6 38. Kg3 Re2 39. Rd3 Re7 40. Be5 Re1 41.
Kf2 Rh1 42. g3 Rb1 43. Rd4 Rb2+ 44. Ke1 Re8 45. e4 Rg2 46. Re3 Rc8 47. exf5 gxf5
48. Rd6 Rg1+ 49. Kf2 Rb1 50. Rf6+ Kg8 51. Rh6 Rxb4 52. Rh8+ Kf7 53. Rxc8 Ra4 54.
Bd6 Rxa5 55. Re7+ Kf6 56. Rf8+ Kg6 57. Re6+ Kg7 58. Rc8 b4 59. Rc7+ 1-0

[Event "AUTO-MASTER-2839"]
[Site "http://www.queenalice.com/game.php?id=1578523"]
[Date "2019.7.25"]
[Round "2"]
[White "LuisGabriel_HD"]
[Black "jezmantis"]
[Result "1-0"]
[WhiteElo "2000"]
[BlackElo "2182"]

1. e4 d6 2. d4 c6 3. Nc3 g6 4. Nf3 Bg7 5. Bf4 h6 6. e5 d5 7. Bd3 e6 8. Na4 Nd7
9. O-O Ne7 10. Re1 O-O 11. Qd2 Kh7 12. h4 b5 13. Nc5 Nxc5 14. dxc5 a5 15. h5 Ng8
16. g4 Kh8 17. hxg6 f5 18. gxf5 exf5 19. c3 Qe8 20. Nh4 Qe7 21. Nf3 Qxc5 22. Kg2
Qe7 23. Rh1 Bd7 24. Bxh6 Nxh6 25. Rxh6+ Bxh6 26. Qxh6+ Kg8 27. Rh1 Qg7 28. Qh5
c5 29. Ng5 Ra6 30. Nh7 Rxg6+ 31. Kf1 Be8 32. Nxf8 Kxf8 33. Qxf5+ Ke7 34. Qc8 Rc6
35. Qb7+ Kf8 36. Qb8 c4 37. Rh7 Qg8 38. Qb7 Re6 39. Qc7 Bf7 40. Qc5+ Re7 41. e6
cxd3 42. Rxf7+ Qxf7 43. exf7 d2 44. Qc8+ Kxf7 45. Qf5+ Ke8 46. Qh5+ Kd8 47.
Qxd5+ Rd7 48. Qxd7+ Kxd7 49. Ke2 1-0

[Event "AUTO-MASTER-2839"]
[Site "http://www.queenalice.com/game.php?id=1578524"]
[Date "2019.7.25"]
[Round "2"]
[White "jezmantis"]
[Black "CCapivara"]
[Result "0-1"]
[WhiteElo "2188"]
[BlackElo "2278"]

1. d4 d6 2. e3 Nf6 3. Bd3 c6 4. f4 Bg4 5. Nf3 Nbd7 6. O-O e5 7. Nbd2 Be7 8. Qe1
Bxf3 9. Rxf3 O-O 10. Rh3 exd4 11. exd4 c5 12. Qh4 g6 13. Nf3 cxd4 14. g4 h5 15.
g5 Ng4 16. Nxd4 Qb6 17. c3 f5 18. Kg2 Nc5 19. Bc2 Rae8 20. b4 Ne4 21. Bb3+ Kh7
22. Qe1 Bxg5 23. Ne6 Rxe6 24. Bxe6 Bf6 25. Bb2 Re8 26. Bb3 Re7 27. Qg1 Qc6 28.
Rd3 Nxc3+ 29. Kh3 Ne2 30. Qb1 Nxf4+ 31. Kg3 h4+ 0-1

[Event "AUTO-MASTER-2839"]
[Site "http://www.queenalice.com/game.php?id=1578525"]
[Date "2019.7.25"]
[Round "2"]
[White "CCapivara"]
[Black "jezmantis"]
[Result "1-0"]
[WhiteElo "2286"]
[BlackElo "2182"]

1. e4 d6 2. d4 g6 3. c4 Bg7 4. Nc3 c6 5. Be3 e6 6. Qd2 h6 7. O-O-O Ne7 8. Kb1 g5
9. f3 Ng6 10. Bd3 e5 11. Nge2 Nf4 12. dxe5 dxe5 13. g3 Ne6 14. h4 f6 15. f4 Nd4
16. hxg5 h5 17. gxf6 Bxf6 18. f5 Na6 19. g4 h4 20. g5 Nf3 21. Qc2 Nxg5 22. c5
Nb4 23. Qb3 Nxd3 24. Nc1 Qc7 25. Rxd3 Bd7 26. Rhd1 O-O-O 27. Bg1 h3 28. Bh2 b6
29. cxb6 axb6 30. Na4 b5 31. Nc5 Rh7 32. Qa3 Qb8 33. N1b3 Be7 34. Qa6+ Kc7 35.
Rxd7+ 1-0

[Event "Challenge"]
[Site "http://www.queenalice.com/game.php?id=1584247"]
[Date "2019.9.22"]
[Round "-"]
[White "jezmantis"]
[Black "Olavio"]
[Result "1-0"]
[WhiteElo "2181"]
[BlackElo "1606"]

1. d4 e6 2. e4 c6 3. Bd3 g6 4. f4 Bg7 5. Nf3 h6 6. e5 d6 7. O-O dxe5 8. fxe5 Qb6
9. c3 Ne7 10. Kh1 f5 11. exf6 Bxf6 12. Na3 Bd7 13. Nc4 Qc7 14. Qc2 b5 15. Nce5
Bc8 16. Nxg6 Rg8 17. Nfe5 Bxe5 18. Nxe5 Nd7 19. Nf7 Ba6 20. Bf4 Qb7 21. Nd6+ Kd8
22. Nxb7+ Bxb7 23. Bxh6 c5 24. Be4 Nd5 25. Rf2 N7f6 26. Rxf6 Ne3 27. Bxe3 Bd5
28. Bxd5 exd5 29. Rd6+ Kc7 30. dxc5 Rae8 31. Qh7+ Kc8 32. c6 Rgf8 33. Qb7# 1-0

[Event "AUTO-MASTER-2859"]
[Site "http://www.queenalice.com/game.php?id=1584887"]
[Date "2019.9.27"]
[Round "2"]
[White "jezmantis"]
[Black "Anusha"]
[Result "1-0"]
[WhiteElo "2171"]
[BlackElo "2178"]

1. d4 f5 2. e3 e6 3. Bd3 Nf6 4. Nd2 b6 5. Qe2 Be7 6. a3 O-O 7. f4 Bb7 8. Ngf3 d6
9. O-O Nbd7 10. Ng5 Qc8 11. Nxe6 Re8 12. Bxf5 1-0

[Event "AUTO-MASTER-2859"]
[Site "http://www.queenalice.com/game.php?id=1584888"]
[Date "2019.9.27"]
[Round "2"]
[White "Anusha"]
[Black "jezmantis"]
[Result "0-1"]
[WhiteElo "2126"]
[BlackElo "2159"]

1. d4 f5 2. Nf3 d6 3. Bf4 g6 4. e3 Bg7 5. Bd3 Nf6 6. h3 O-O 7. Nbd2 Qe8 8. c3
Nh5 9. Bh2 e5 10. Bc4+ Kh8 11. Qb3 Nc6 12. Bd5 e4 13. Ng1 Nf6 14. Bxc6 Qxc6 15.
Ne2 g5 16. O-O-O b5 17. Kb1 a5 18. Rc1 Qe8 19. h4 g4 20. Nf4 a4 21. Qd1 Qf7 22.
f3 Bh6 23. fxg4 Nxg4 24. Qe2 Ba6 25. Qe1 c5 26. Bg3 b4 27. dxc5 dxc5 28. cxb4
cxb4 29. Nf1 b3 30. a3 Rac8 31. Rxc8 Rxc8 32. Qd2 Bg7 33. Nh2 Ne5 34. Rc1 Nc4
35. Qd5 Qf6 36. Qd4 Qc6 37. Qd5 Nxa3+ 0-1

[Event "AUTO-MASTER-2859"]
[Site "http://www.queenalice.com/game.php?id=1584889"]
[Date "2019.9.27"]
[Round "2"]
[White "jezmantis"]
[Black "goldenboy"]
[Result "0-1"]
[WhiteElo "2145"]
[BlackElo "2028"]

1. d4 d5 2. e3 Nf6 3. Bd3 c5 4. c3 Bg4 5. f3 Bh5 6. Ne2 c4 7. Bc2 e6 8. O-O Bd6
9. e4 dxe4 10. fxe4 e5 11. Ba4+ Nbd7 12. Nd2 exd4 13. cxd4 Bb4 14. e5 Bxd2 15.
exf6 Bxc1 16. Rxc1 O-O 17. fxg7 Re8 18. Rc2 Qe7 19. Qd2 Bxe2 20. Re1 Qd6 21.
Rxe2 Rxe2 22. Qxe2 Qxd4+ 23. Kf1 Qf4+ 24. Kg1 Ne5 25. Rd2 c3 26. bxc3 Nf3+ 27.
gxf3 Qxa4 28. Qe5 Re8 29. Qg3 Qa3 30. f4 Qc1+ 0-1

[Event "AUTO-MASTER-2859"]
[Site "http://www.queenalice.com/game.php?id=1584890"]
[Date "2019.9.27"]
[Round "2"]
[White "goldenboy"]
[Black "jezmantis"]
[Result "1-0"]
[WhiteElo "2057"]
[BlackElo "2138"]

1. e4 d6 2. d4 c6 3. Nf3 g6 4. Nc3 Bg7 5. Bg5 h6 6. Be3 e6 7. Bd3 e5 8. dxe5
dxe5 9. O-O Qe7 10. Qd2 g5 11. h3 b6 12. Rad1 Nf6 13. Rfe1 O-O 14. Nxg5 hxg5 15.
Bxg5 Be6 16. f4 exf4 17. Qxf4 Nbd7 18. e5 Qc5+ 19. Kh1 Nxe5 20. Rxe5 Nd5 21. Qh4
f6 22. Rxe6 fxg5 23. Qh7+ Kf7 24. Qg6+ Kg8 25. Rxc6 Qf2 26. Qh7+ Kf7 27. Rf1
Qxf1+ 28. Bxf1 Ne7 29. Rc7 Rfc8 30. Bc4+ Ke8 31. Rxe7+ Kxe7 32. Qxg7+ Kd6 33.
Qd4+ Ke7 34. Qe5+ Kf8 35. Qf6+ Ke8 36. Nd5 1-0

[Event "AUTO-MASTER-2859"]
[Site "http://www.queenalice.com/game.php?id=1584891"]
[Date "2019.9.27"]
[Round "2"]
[White "jezmantis"]
[Black "BigRezi"]
[Result "1-0"]
[WhiteElo "2163"]
[BlackElo "2369"]

1. d4 Nf6 2. e3 d5 3. Bd3 c5 4. c3 e6 5. Nd2 Nc6 6. f4 Bd6 7. Ngf3 O-O 8. a3 Bd7
9. O-O Qb6 10. Ne5 Rfd8 11. Kh1 Rac8 12. Rf3 Be8 13. Rh3 h6 14. g4 cxd4 15. exd4
Bxe5 16. fxe5 Nh7 17. Nf3 Ne7 18. g5 Nxg5 19. Bxg5 hxg5 20. Nxg5 Nf5 21. Qh5 Kf8
22. Qe2 Rc6 23. Rf1 Nh6 24. Bb5 Rc7 25. Bxe8 Kxe8 26. b4 Qa6 27. Qf2 Rdc8 28.
Rxh6 gxh6 29. Nxf7 Qxf1+ 30. Qxf1 Rxf7 31. Qb5+ Kf8 32. Qd3 Ke7 33. Kg2 Rg8+ 34.
Kh3 a6 35. a4 Kd7 36. c4 dxc4 37. Qxc4 Rf3+ 38. Kh4 Rf2 39. Kh3 Rgg2 40. d5
Rxh2+ 41. Kg3 Rc2 42. dxe6+ 1-0

[Event "AUTO-MASTER-2859"]
[Site "http://www.queenalice.com/game.php?id=1584892"]
[Date "2019.9.27"]
[Round "2"]
[White "BigRezi"]
[Black "jezmantis"]
[Result "1-0"]
[WhiteElo "2363"]
[BlackElo "2169"]

1. e4 d6 2. d4 c6 3. Nf3 g6 4. c4 Bg7 5. Nc3 h6 6. Be2 e6 7. O-O Ne7 8. Be3 g5
9. Qc2 Ng6 10. Rad1 O-O 11. e5 d5 12. cxd5 exd5 13. h3 Na6 14. a3 Nc7 15. Bd3
Qe8 16. Bd2 Ne6 17. Ne2 Ngf4 18. Nxf4 gxf4 19. Bb4 c5 20. dxc5 a5 21. Bc3 Nxc5
22. Bh7+ Kh8 23. Rxd5 b6 24. Rd6 Ba6 25. Re1 Qb8 26. Bf5 Rd8 27. Rxh6+ Bxh6 28.
e6+ Bg7 29. Ng5 f6 30. Nf7+ Kg8 31. Nxd8 Qxd8 32. e7 Qd5 33. e8=Q+ Rxe8 34.
Rxe8+ Kf7 35. Bg6# 1-0

[Event "Challenge"]
[Site "http://www.queenalice.com/game.php?id=1589121"]
[Date "2019.11.4"]
[Round "-"]
[White "jezmantis"]
[Black "Paulojunior76"]
[Result "1-0"]
[WhiteElo "2183"]
[BlackElo "1219"]

1. d4 d5 2. e3 Bf5 3. c4 e6 4. Nc3 c5 5. a3 Nc6 6. f4 Nf6 7. Nf3 Be4 8. Ne5 Nxe5
9. dxe5 d4 10. Ne2 d3 11. Nc3 Qa5 12. Bd2 Qd8 13. exf6 Bc6 14. e4 gxf6 15. Qf3
f5 16. Bxd3 fxe4 17. Bxe4 Qd7 18. Rd1 Qc7 19. Bxc6+ bxc6 20. O-O Rg8 21. Ne4 Rb8
22. Nf6+ Ke7 23. Nxg8+ Ke8 24. Bc3 Bd6 25. Nf6+ Kf8 26. Qg4 Ke7 27. Qg5 Kf8 28.
Nxh7+ Ke8 29. Rxd6 Qxd6 30. Be5 Qd8 31. Bf6 Qd7 32. Qg8# 1-0

[Event "AUTO-MASTER-2914"]
[Site "http://www.queenalice.com/game.php?id=1597145"]
[Date "2020.1.23"]
[Round "1"]
[White "dazzeechain"]
[Black "jezmantis"]
[Result "0-1"]
[WhiteElo "1998"]
[BlackElo "2150"]

1. e4 d6 2. d4 c6 3. c4 g6 4. Be3 Bg7 5. Nf3 h6 6. Bd3 e6 7. Nc3 Ne7 8. Rc1 e5
9. d5 c5 10. O-O g5 11. h3 Ng6 12. Nh2 O-O 13. Ne2 Nf4 14. Bxf4 exf4 15. Nc3 a6
16. Ng4 Nd7 17. f3 h5 18. Nf2 Ne5 19. Be2 Bd7 20. b3 Rb8 21. Nd3 Ng6 22. Qd2
Bd4+ 23. Kh2 Be3 24. Qc2 Bxc1 25. Rxc1 Qf6 26. Nd1 b5 27. N1f2 Rbe8 28. a3 bxc4
29. bxc4 Qe7 30. Qc3 f5 31. Re1 fxe4 32. fxe4 Qh7 33. Bf3 g4 0-1

[Event "AUTO-MASTER-2914"]
[Site "http://www.queenalice.com/game.php?id=1597146"]
[Date "2020.1.23"]
[Round "1"]
[White "jezmantis"]
[Black "dazzeechain"]
[Result "1-0"]
[WhiteElo "2143"]
[BlackElo "1990"]

1. d4 d5 2. e3 Bf5 3. c4 e6 4. Nc3 c6 5. f3 Nf6 6. Be2 Nbd7 7. f4 Be7 8. Nf3 Ne4
9. O-O Ndf6 10. Qb3 Nxc3 11. bxc3 b6 12. Ne5 O-O 13. Nxc6 Qc7 14. Nxe7+ Qxe7 15.
Ba3 Qd7 16. Bxf8 Rxf8 17. a4 dxc4 18. Qxc4 Rc8 19. Qb3 Ne4 20. Rfc1 Qc6 21. Bf3
Qd6 22. Ra2 h6 23. c4 a5 24. Rb2 Rc6 25. Qb5 Qc7 26. g4 Bg6 27. d5 exd5 28. f5
Ng5 29. Bxd5 1-0

[Event "AUTO-MASTER-2914"]
[Site "http://www.queenalice.com/game.php?id=1597161"]
[Date "2020.1.23"]
[Round "1"]
[White "jezmantis"]
[Black "ymfrancois"]
[Result "1-0"]
[WhiteElo "2134"]
[BlackElo "2033"]

1. d4 d5 2. e3 a6 3. Bd3 Nf6 4. Nd2 Nc6 5. f4 e5 6. dxe5 Ne4 7. Nxe4 dxe4 8.
Bxe4 Qxd1+ 9. Kxd1 Na7 10. Bd2 Rb8 11. Nf3 Be7 12. a4 O-O 13. Ke2 b5 14. a5 Be6
15. b3 c5 16. Kf2 c4 17. b4 Rfd8 18. c3 Bg4 19. Nd4 Bd7 20. Rhd1 Bg4 21. Bf3
Bxf3 22. Kxf3 Rf8 23. Be1 Rbc8 24. Nf5 Bd8 25. Rd7 Ra8 26. Rad1 g6 27. Nh6+ Kg7
28. Nxf7 Rxf7 29. Rxd8 Rf8 30. R8d7+ Kg8 31. R1d6 Nc8 32. Rc6 Ra7 33. Rxa7 Nxa7
34. Rxa6 Rf7 35. Rb6 Rc7 36. Bh4 Kf8 37. Ke4 Ke8 38. g4 Rc6 39. Rb7 Ra6 40. Rxh7
1-0

[Event "AUTO-MASTER-2914"]
[Site "http://www.queenalice.com/game.php?id=1597162"]
[Date "2020.1.23"]
[Round "1"]
[White "ymfrancois"]
[Black "jezmantis"]
[Result "0-1"]
[WhiteElo "2046"]
[BlackElo "2124"]

1. d4 f5 2. Bf4 d6 3. Nc3 c6 4. e4 g6 5. e5 Bg7 6. exd6 exd6 7. Nf3 Nf6 8. Be2
O-O 9. O-O Na6 10. Bxa6 bxa6 11. Ne2 Ne4 12. Ng3 h6 13. c3 g5 14. Bd2 Nxd2 15.
Nxd2 Rb8 16. b4 Bd7 17. Nc4 Qf6 18. Nh5 Qe6 19. Na5 Bh8 20. Re1 Qg6 21. Re7 Rf7
22. Rxf7 Qxf7 23. Ng3 Re8 24. Qf3 f4 25. Nf1 h5 26. h3 g4 27. hxg4 hxg4 28. Qd1
Qh5 29. Nh2 Bf6 30. Nc4 Be7 31. f3 g3 32. Ng4 Bxg4 33. fxg4 Qh2+ 34. Kf1 Qh1+
35. Ke2 Qxg2+ 36. Kd3 Qd5 37. Qe1 Kf8 38. Qd2 Bg5 39. Qd1 Qe4+ 40. Kd2 f3+ 0-1

[Event "AUTO-MASTER-2914"]
[Site "http://www.queenalice.com/game.php?id=1597163"]
[Date "2020.1.23"]
[Round "1"]
[White "jezmantis"]
[Black "madriles"]
[Result "1-0"]
[WhiteElo "2170"]
[BlackElo "2009"]

1. d4 Nf6 2. e3 d6 3. Bd3 g6 4. f4 Bg7 5. Nf3 O-O 6. O-O Re8 7. e4 e6 8. e5 Nd5
9. a3 Nc6 10. c3 f6 11. c4 Nb6 12. Nc3 fxe5 13. fxe5 dxe5 14. Bg5 Qd7 15. dxe5
Nxe5 16. Nxe5 Bxe5 17. Qe2 Bd4+ 18. Kh1 a6 19. Ne4 Rf8 20. Rxf8+ Kxf8 21. Rf1+
Kg7 22. Qf3 Qe8 23. Nf6 Bxf6 24. Qxf6+ Kg8 25. Bh6 1-0

[Event "AUTO-MASTER-2914"]
[Site "http://www.queenalice.com/game.php?id=1597164"]
[Date "2020.1.23"]
[Round "1"]
[White "madriles"]
[Black "jezmantis"]
[Result "0-1"]
[WhiteElo "1987"]
[BlackElo "2177"]

1. d4 f5 2. c4 d6 3. Nc3 c6 4. Nf3 g6 5. Bf4 Bg7 6. e3 Nd7 7. Qb3 e5 8. dxe5
dxe5 9. Bg5 Qc7 10. h3 h6 11. Bh4 Nc5 12. Qc2 Be6 13. O-O-O Nf6 14. Bg3 Nfe4 15.
Bh2 O-O 16. b4 Nxc3 17. Qxc3 Ne4 18. Qc2 g5 19. Nd2 Nxf2 20. Rg1 Nxd1 21. Qxd1
Rad8 22. Qa4 b5 23. Qa6 f4 24. e4 Qd7 25. Nb3 Rf7 26. Be2 Bf8 27. Rd1 Qe8 28.
Rxd8 Qxd8 29. Nc5 Bxc5 30. bxc5 Qd4 31. cxb5 Qe3+ 32. Kd1 Rd7+ 33. Ke1 Rd2 34.
Bg1 Qxe2# 0-1

[Event "Challenge"]
[Site "http://www.queenalice.com/game.php?id=1599225"]
[Date "2020.2.12"]
[Round "-"]
[White "colatina"]
[Black "jezmantis"]
[Result "0-1"]
[WhiteElo "1813"]
[BlackElo "2157"]

1. e4 d6 2. Nf3 c6 3. d4 g6 4. c3 Bg7 5. h3 h6 6. Be3 e6 7. Bc4 Ne7 8. d5 cxd5
9. Bb5+ Nd7 10. Bd3 e5 11. Nbd2 Nc5 12. Bb5+ Nd7 13. Ba4 O-O 14. b4 dxe4 15.
Nxe4 Nb6 16. Bb5 d5 17. Ng3 Be6 18. Qd2 Kh7 19. Nh2 f5 20. f4 d4 21. Bf2 dxc3
22. Qxd8 Raxd8 23. O-O e4 24. Bc5 Rf7 25. h4 Ned5 26. Bxb6 Nxb6 27. Rfc1 c2 28.
Nhf1 Bxa1 29. Rxc2 Rd1 30. Kh2 Bf6 31. h5 g5 32. fxg5 Bxg5 33. Be8 Re7 34. Bg6+
Kg7 35. Bxf5 Kf6 36. Bxe6 Rxe6 37. Rf2+ Ke5 38. Re2 Kd4 39. Nf5+ Kd3 40. Rf2 Nd5
41. Ng7 Re5 42. g4 e3 43. Rf3 Ke2 44. Kg2 Nf4+ 45. Kg1 Kxf3 0-1